000 00361nam a2200133Ia 4500
008 231129s9999||||xx |||||||||||||| ||spa||
020 _a84-206-9833-4
040 _bspa
082 _a320.5 V185h
100 _aVallespin Fernando
245 0 _aHistoria de la teorí­a polí­tica
264 _aAlianza
942 _2ddc
_cBKS
999 _c15171
_d15171